| 000 | 00526nam a2200217Ia 4500 | ||
|---|---|---|---|
| 005 | 20250425162646.0 | ||
| 008 | 250425s9999 xx 000 0 und d | ||
| 020 | _a0890960275 | ||
| 041 | _aeng | ||
| 082 | _a597.0921 | ||
| 100 | _aHOESE, DICKSON | ||
| 245 | 0 | _aFISHES OF THE GULF OF MEXICO | |
| 250 | _aS.E | ||
| 260 |
_aEstados Unidos _bTEXAS A & M UNIVERSITY PRESS _c1977 |
||
| 260 | _aTEXAS CITY | ||
| 300 | _a327 | ||
| 650 | _aPECES MARINOS | ||
| 700 | _aMOORE, RICHARD H. | ||
| 942 | _c01 | ||
| 010 | _a94862 | ||
| 999 |
_c233780 _d233780 |
||